书目信息 |
| 题名: |
台湾变局:民进党与国民党的政权的争战
|
|
| 作者: | 范丽青 著 | |
| 分册: | ||
| 出版信息: | 北京 新华出版社 1998.09 |
|
| 页数: | 306页 | |
| 开本: | 32开 | |
| 丛书名: | ||
| 单 册: | ||
| 中图分类: | D675.81 | |
| 科图分类: | ||
| 主题词: | 政治--中国 | |
| 电子资源: | ||
| ISBN: | 7-5011-3988-1 | |
| 000 | 00607nam0 2200193 45 | |
| 001 | 0011171937 | |
| 005 | 20001117194530.9 | |
| 010 | @a7-5011-3988-1@d20.00元 | |
| 100 | @a20001117d1998 km y0chiy0120 ea | |
| 101 | 0 | @achi |
| 105 | @a z 000yy | |
| 200 | 1 | @a台湾变局:民进党与国民党的政权的争战@ATai Wan Bian Ju:Min Jin Dang Yu Guo Min Dang De Zheng Quan De Zheng Zhan@f范丽青著@FFan Li Qing Zhu |
| 210 | @a北京@c新华出版社@d1998.09 | |
| 215 | @a306页@d32开 | |
| 606 | 0 | @a政治@x中国 |
| 690 | @aD675.81@v3 | |
| 701 | 0 | @a范丽青@4著 |
| 801 | @aCN@bPftUser@c20001117 | |
| 905 | @b411953-957@dD675.81@eF635@f5 | |
| 台湾变局:民进党与国民党的政权的争战/范丽青著.-北京:新华出版社,1998.09 |
| 306页;32开 |
| ISBN 7-5011-3988-1:20.00元 |
| ● |
| 相关链接 |
|
|
|
正题名:台湾变局:民进党与国民党的政权的争战
索取号:D675.81/F635
 
预约/预借
| 序号 | 登录号 | 条形码 | 馆藏地/架位号 | 状态 | 备注 |
| 1 | 411953 | 204119532 | 社科库509/400B社科库 6排4列6层/ [索取号:D675.81/F635] | 在馆 | |
| 2 | 411954 | 204119541 | 社科库509/509社科库 76排8列1层/ [索取号:D675.81/F635] | 在馆 | |
| 3 | 411955 | 204119550 | 社科库509/509社科库 76排8列1层/ [索取号:D675.81/F635] | 在馆 | |
| 4 | 411956 | 204119569 | 社科库509/509社科库 76排8列1层/ [索取号:D675.81/F635] | 在馆 | |
| 5 | 411957 | 204119578 | 社科库509/509社科库 76排8列1层/ [索取号:D675.81/F635] | 在馆 |